000 00853nam a2200325 a 4500
003 AR-BaBNM
005 20251128205639.0
008 082120s2002 ||||||||||||||000 | spa||
020 _a950-12-6680-X
040 _cAR-BaBNM
100 1 _aAskevis-Leherpeux, Françoise
245 0 0 _aLa superstición
250 _a1ª ed.
260 _aBuenos Aires
_bPaidós
_c1991
300 _a155 p.
490 0 _aPaidós studio
_vv. 80
500 _aContiene referencias bibliográficas en p. 151
650 4 _aSOCIOLOGIA CULTURAL
650 4 _aRELIGION
650 4 _aBRUJERIA
650 4 _aANTROPOLOGIA CULTURAL Y SOCIAL
650 4 _aCOSTUMBRES Y TRADICIONES
650 4 _aCULTURAS POPULARES
650 4 _aMAGIA
650 4 _aSUPERSTICION
650 4 _aPSICOLOGIA
700 1 _aAgoff, Irene
_etraductor
942 _cBK
998 _cMARTIN
999 _c12227
_d12227